00771nam a2200157Ia 4500008004100000020001800041050002100059100001900080245008100099260002100180300001100201500006600212505025800278650003800536700003900574121028s9999 xx 000 0 und d a968-26-0953-4 aQA152.2 F85 1977 aFULLER, Gordon aÁlgebra elemental / Gordon Fuller ; traducción Andrés Sestier Bouclier aMéxico : CECSA a377 p. aIncluye índices y tablas Título original: College algebra aPrefacio 1. Conjuntos y operaciones 2. Los números reales 3. Operaciones en las expresiones algebráicas 4. Factorización y operaciones con las fracciones 5. Funciones y relaciones 6. Ecuaciones lineales 7. Exponentes y radicales 8. Ecuaciones cuad aÁlgebra - Estudio y enseñanza aSestier Bouclier, Andrés, tr.Ì